[Event "TUR Cup"]
[Site "Denizli"]
[Date "2023.07.22"]
[Round "9"]
[White "Temel, Burcu Melis"]
[Black "Koyuncu, Haticesu"]
[Result "1-0"]
[WhiteElo "1749"]
[BlackElo "1520"]
[PlyCount "65"]
[EventDate "2023.07.16"]
[EventType "team-tourn"]
[EventRounds "9"]
[EventCountry "TUR"]
[SourceTitle "CBM 215 Extra"]
[Source "ChessBase"]
[SourceDate "2023.09.30"]
[SourceVersion "1"]
[SourceVersionDate "2023.09.30"]
[SourceQuality "1"]

1. c4 e5 2. Nc3 Nf6 3. d3 Nc6 4. g3 d6 5. Bg2 Nd4 6. e3 Ne6 7. Nge2 Be7 8. 0-0 0-0 9. d4 Ng5 10. f4 Nh3+ 11. Kh1 exf4 12. Nxf4 Nxf4 13. gxf4 Ne8 14. f5 g6 15. e4 Bg5 16. Qf3 Bxc1 17. Raxc1 f6 18. Qg3 g5 19. e5 c6 20. e6 Qe7 21. d5 c5 22. Ne4 a5 23. Bf3 Ra6 24. Rc2 Ng7 25. Bd1 h5 26. Rcf2 g4 27. h3 gxh3 28. Bxh5 Bd7 29. Bg6 Be8 30. Qxh3 Bxg6 31. fxg6 Ne8 32. g7 Nxg7 33. Rh2 1-0

[Event "TUR Cup"]
[Site "Denizli"]
[Date "2023.07.17"]
[Round "2"]
[White "Temel, Burcu Melis"]
[Black "Eken, Eylul"]
[Result "1-0"]
[WhiteElo "1749"]
[BlackElo "1090"]
[PlyCount "73"]
[EventDate "2023.07.16"]
[EventType "team-tourn"]
[EventRounds "9"]
[EventCountry "TUR"]
[SourceTitle "CBM 215 Extra"]
[Source "ChessBase"]
[SourceDate "2023.09.30"]
[SourceVersion "1"]
[SourceVersionDate "2023.09.30"]
[SourceQuality "1"]

1. Nf3 Nc6 2. d4 d5 3. e3 e6 4. Be2 Bd6 5. b3 Nf6 6. Bb2 0-0 7. 0-0 Ne7 8. c4 b6 9. Qc2 Nd7 10. Nbd2 Bb7 11. Bd3 Ng6 12. Rfe1 Re8 13. Rad1 Be7 14. Ne5 Ndxe5 15. dxe5 c5 16. f4 Qc7 17. Nf3 Rad8 18. cxd5 Bxd5 19. e4 Bc6 20. Qc1 f6 21. exf6 Bxf6 22. Bxf6 gxf6 23. g3 Qb7 24. Qe3 Kf7 25. a4 a5 26. Rd2 Rd7 27. Bc4 Rxd2 28. Nxd2 Kg7 29. h4 h5 30. Qe2 Kh6 31. Kh2 f5 32. Bb5 Bxb5 33. axb5 Rd8 34. Nc4 Nf8 35. exf5 exf5 36. Qe5 Kg6 37. Qe7 1-0

[Event "TUR-ch (Women)"]
[Site "Ankara"]
[Date "2020.03.06"]
[Round "7"]
[White "Temel, Burcu Melis"]
[Black "Gokbulut, Julia"]
[Result "0-1"]
[WhiteElo "1739"]
[BlackElo "1981"]
[PlyCount "130"]
[EventDate "2020.03.02"]
[EventType "swiss"]
[EventRounds "9"]
[EventCountry "TUR"]
[SourceTitle "CBM 195 Extra"]
[Source "ChessBase"]
[SourceDate "2020.05.31"]
[SourceVersion "1"]
[SourceVersionDate "2020.05.31"]
[SourceQuality "1"]

1. d4 Nf6 2. Nf3 g6 3. Bf4 d6 4. Nc3 Bg7 5. Qd2 0-0 6. Bh6 Bxh6 7. Qxh6 Ng4 8. Qd2 Nd7 9. e4 e5 10. 0-0-0 exd4 11. Nxd4 Nc5 12. f3 Nf6 13. g4 Re8 14. h4 Ne6 15. Nde2 Ng7 16. h5 Qe7 17. hxg6 fxg6 18. g5 Nfh5 19. Nd5 Qf7 20. Nef4 c6 21. Nxh5 Nxh5 22. Rxh5 cxd5 23. Rh4 dxe4 24. fxe4 Qxa2 25. c3 Be6 26. Bd3 Qa1+ 27. Bb1 Ba2 28. Kc2 Bxb1+ 29. Rxb1 Qa4+ 30. b3 Qc6 31. Rbh1 Re7 32. Qd4 Rf8 33. R1h2 b5 34. Kb2 a5 35. Qd3 b4 36. c4 Qc5 37. Qd5+ Qxd5 38. exd5 Rf5 39. Rg2 Re3 40. Rgh2 Re7 41. Rg2 Rf3 42. Rgh2 Rg3 43. Rf4 Rxg5 44. Rf6 Rd7 45. Re2 Rf5 46. Rfe6 Kg7 47. c5 dxc5 48. d6 Rff7 49. R2e5 Rf2+ 50. Kb1 Kh6 51. Rd5 Rf1+ 52. Kb2 Rf2+ 53. Kb1 Rf8 54. Rxc5 Rfd8 55. Rd5 Kg7 56. Rxa5 Rxd6 57. Re2 R8d7 58. Rb5 Rd4 59. Rg2 Rd1+ 60. Kc2 Ra1 61. Rg4 Ra2+ 62. Kb1 Rf2 63. Rc4 Rd1+ 64. Rc1 Rxc1+ 65. Kxc1 Rf4 0-1

[Event "TUR-ch (Women)"]
[Site "Ankara"]
[Date "2020.03.05"]
[Round "6"]
[White "Aygun, Helin Beren"]
[Black "Temel, Burcu Melis"]
[Result "0-1"]
[WhiteElo "1485"]
[BlackElo "1739"]
[PlyCount "106"]
[EventDate "2020.03.02"]
[EventType "swiss"]
[EventRounds "9"]
[EventCountry "TUR"]
[SourceTitle "CBM 195 Extra"]
[Source "ChessBase"]
[SourceDate "2020.05.31"]
[SourceVersion "1"]
[SourceVersionDate "2020.05.31"]
[SourceQuality "1"]

1. e4 Nf6 2. e5 Nd5 3. d4 d6 4. Nf3 Bg4 5. exd6 exd6 6. h3 Bh5 7. Bc4 Nb6 8. Bb3 Be7 9. 0-0 0-0 10. c3 Nc6 11. Nbd2 d5 12. Re1 Bd6 13. Nf1 Qd7 14. Ne3 Ne7 15. Bc2 Bg6 16. Ng4 f6 17. Nh4 Bxc2 18. Qxc2 Rae8 19. Bd2 Nc4 20. b3 Nxd2 21. Qxd2 Nf5 22. Nf3 h5 23. Ngh2 c6 24. Qd3 Kf7 25. Rxe8 Rxe8 26. Re1 Rxe1+ 27. Nxe1 Qe6 28. Nef3 Qe4 29. Qxe4 dxe4 30. Nd2 Bxh2+ 31. Kxh2 Nd6 32. Kg3 g5 33. Kh2 f5 34. Kg1 Nb5 35. Nb1 Ke6 36. Kf1 f4 37. Ke2 Kf5 38. a4 Nc7 39. Nd2 Nd5 40. g4+ fxg3 41. fxg3 Nxc3+ 42. Ke3 Nd5+ 43. Ke2 h4 44. gxh4 gxh4 45. Nc4 Kf4 46. Nd6 b6 47. Nc8 a6 48. Na7 Ne7 49. b4 b5 50. axb5 axb5 51. Kf2 e3+ 52. Ke2 Ke4 53. Nc8 Nxc8 0-1

[Event "TUR-ch (Women)"]
[Site "Ankara"]
[Date "2020.03.04"]
[Round "4"]
[White "Kaya, Emel"]
[Black "Temel, Burcu Melis"]
[Result "1-0"]
[WhiteElo "1936"]
[BlackElo "1739"]
[PlyCount "65"]
[EventDate "2020.03.02"]
[EventType "swiss"]
[EventRounds "9"]
[EventCountry "TUR"]
[SourceTitle "CBM 195 Extra"]
[Source "ChessBase"]
[SourceDate "2020.05.31"]
[SourceVersion "1"]
[SourceVersionDate "2020.05.31"]
[SourceQuality "1"]

1. e4 c5 2. Nf3 e6 3. c4 Nc6 4. Nc3 Nf6 5. Be2 Be7 6. 0-0 0-0 7. d4 cxd4 8. Nxd4 Qc7 9. Be3 a6 10. Rc1 Ne5 11. f4 Nxc4 12. Bxc4 Qxc4 13. Nd5 Nxd5 14. Rxc4 Nxe3 15. Qe2 Nxf1 16. Kxf1 b5 17. Rc3 e5 18. Nf5 Bf6 19. Nd6 exf4 20. e5 Be7 21. Qe4 Rb8 22. Rh3 h6 23. Qxf4 Bg5 24. Qe4 a5 25. Rf3 Ba6 26. Kg1 Be7 27. Nf5 Bc5+ 28. Kh1 Bb7 29. Qg4 g6 30. Nxh6+ Kg7 31. Nf5+ Kg8 32. Rh3 Bf2 33. Qf4 1-0

[Event "TUR Cup"]
[Site "Antalya"]
[Date "2020.01.29"]
[Round "5"]
[White "Temel, Burcu Melis"]
[Black "Sepici, Batuhan"]
[Result "1/2-1/2"]
[WhiteElo "1752"]
[BlackElo "1539"]
[PlyCount "48"]
[EventDate "2020.01.26"]
[EventType "swiss"]
[EventRounds "11"]
[EventCountry "TUR"]
[SourceTitle "CBM 194 Extra"]
[Source "ChessBase"]
[SourceDate "2020.03.31"]
[SourceVersion "1"]
[SourceVersionDate "2020.03.31"]
[SourceQuality "1"]

1. Nf3 c5 2. b3 Nc6 3. Bb2 d6 4. e3 e5 5. d3 f5 6. Nbd2 Nf6 7. c4 Be7 8. Be2 0-0 9. 0-0 h6 10. d4 e4 11. Ne1 cxd4 12. exd4 d5 13. Nc2 Be6 14. f3 Rc8 15. fxe4 fxe4 16. cxd5 Bxd5 17. Bc4 a6 18. Qe2 b5 19. Bxd5+ Qxd5 20. Ne3 Nxd4 21. Qd1 Qd7 22. Nxe4 Nxe4 23. Qxd4 Qxd4 24. Bxd4 Bf6 1/2-1/2

[Event "TUR Cup"]
[Site "Antalya"]
[Date "2020.01.27"]
[Round "2"]
[White "Temel, Burcu Melis"]
[Black "Erdogan, Anil Berk"]
[Result "0-1"]
[WhiteElo "1752"]
[BlackElo "2147"]
[PlyCount "62"]
[EventDate "2020.01.26"]
[EventType "swiss"]
[EventRounds "11"]
[EventCountry "TUR"]
[SourceTitle "CBM 194 Extra"]
[Source "ChessBase"]
[SourceDate "2020.03.31"]
[SourceVersion "1"]
[SourceVersionDate "2020.03.31"]
[SourceQuality "1"]

1. Nf3 c5 2. b3 Nc6 3. Bb2 d6 4. g3 e5 5. d3 f5 6. Nbd2 Nf6 7. Bg2 g6 8. 0-0 Bg7 9. e4 0-0 10. Re1 f4 11. gxf4 Nh5 12. f5 Nf4 13. Nc4 gxf5 14. Ne3 fxe4 15. dxe4 Nd4 16. c3 Nxg2 17. cxd4 Nxe1 18. Nxe1 cxd4 19. N3g2 Qf6 20. f4 Bh3 21. Qf3 Bxg2 22. Nxg2 Bh6 23. f5 Kh8 24. Bc1 Rac8 25. Bxh6 Qxh6 26. Rf1 Rc2 27. f6 Rg8 28. f7 Rgxg2+ 29. Qxg2 Rxg2+ 30. Kxg2 Qf8 31. Rf5 Kg7 0-1

[Event "TUR-chT Clubs"]
[Site "Konya"]
[Date "2019.07.21"]
[Round "9.4"]
[White "Tuncer, Duru"]
[Black "Temel, Burcu Melis"]
[Result "0-1"]
[WhiteElo "1520"]
[BlackElo "1790"]
[PlyCount "128"]
[EventDate "2019.07.16"]
[EventType "team-swiss"]
[EventRounds "9"]
[EventCountry "TUR"]
[SourceTitle "CBM 191 Extra"]
[Source "ChessBase"]
[SourceDate "2019.09.30"]
[SourceVersion "1"]
[SourceVersionDate "2019.09.30"]
[SourceQuality "1"]
[WhiteTeam "Manisa Yunusembre"]
[BlackTeam "Bitlis Dernegi"]
[WhiteTeamCountry "TUR"]
[BlackTeamCountry "TUR"]

1. e4 c5 2. d4 cxd4 3. c3 d5 4. exd5 Qxd5 5. Nf3 Nc6 6. cxd4 e6 7. Nc3 Bb4 8. Be2 Nf6 9. 0-0 Bxc3 10. bxc3 0-0 11. a4 b6 12. Rb1 Bb7 13. Bd3 Na5 14. Re1 Rac8 15. Bd2 Nc4 16. Bg5 Nd6 17. Re5 Qc6 18. Bxf6 gxf6 19. Rh5 f5 20. Qd2 f6 21. Qh6 Rc7 22. c4 Rg7 23. Be2 Ne4 24. Rh3 Nc3 25. Re1 Nxe2+ 26. Rxe2 Qxc4 27. Qe3 Bd5 28. a5 b5 29. Rg3 Rff7 30. Re1 Qc7 31. Qd2 f4 32. Rxg7+ Rxg7 33. Nh4 Bxg2 34. Nxg2 f3 35. Kh1 Rxg2 36. Qh6 Qg7 37. Qh3 f5 38. Qxf3 Rg6 39. Qa8+ Qf8 40. Qxa7 Qc8 41. Qc5 Qa8+ 42. d5 Qxd5+ 43. Qxd5 exd5 44. Re5 Rd6 45. Rxf5 b4 46. a6 Rxa6 47. Rxd5 Rb6 48. Kg2 Kf7 49. Rd1 Ke6 50. Kf3 Ke5 51. Ke3 b3 52. f4+ Kf5 53. Rb1 b2 54. Kf3 Rb3+ 55. Kg2 Kxf4 56. Kf2 h5 57. Kg2 Ke3 58. Kh3 Kd2+ 59. Kh4 Kc2 60. Rg1 b1Q 61. Rxb1 Kxb1 62. Kxh5 Rh3+ 63. Kg4 Rxh2 64. Kg3 Re2 0-1

[Event "TUR-chT Clubs"]
[Site "Konya"]
[Date "2019.07.20"]
[Round "7.2"]
[White "Sen, Nehir"]
[Black "Temel, Burcu Melis"]
[Result "0-1"]
[WhiteElo "1307"]
[BlackElo "1790"]
[PlyCount "136"]
[EventDate "2019.07.16"]
[EventType "team-swiss"]
[EventRounds "9"]
[EventCountry "TUR"]
[SourceTitle "CBM 191 Extra"]
[Source "ChessBase"]
[SourceDate "2019.09.30"]
[SourceVersion "1"]
[SourceVersionDate "2019.09.30"]
[SourceQuality "1"]
[WhiteTeam "Deniz Genclik"]
[BlackTeam "Bitlis Dernegi"]
[WhiteTeamCountry "TUR"]
[BlackTeamCountry "TUR"]

1. Nf3 Nf6 2. e3 b6 3. b3 Bb7 4. Bb2 g6 5. Be2 Bg7 6. 0-0 0-0 7. c4 c5 8. d4 d6 9. Nc3 Na6 10. Rc1 Nc7 11. Rc2 Qd7 12. Rd2 Rfd8 13. Qa1 Qe8 14. Rfd1 Rab8 15. d5 a6 16. Bd3 Bh6 17. Ne2 Nd7 18. Bc2 Bf8 19. Ng3 e5 20. dxe6 fxe6 21. e4 e5 22. h3 Ne6 23. Ne2 Nf6 24. Qb1 Nd4 25. Nexd4 exd4 26. Re1 Nd7 27. b4 Ne5 28. Nxe5 dxe5 29. bxc5 Bxc5 30. Qd1 Bb4 31. Bb3 Kg7 32. Rd3 Qe7 33. Re2 Qh4 34. f3 Qg3 35. Qf1 Bc8 36. Qf2 Qg5 37. h4 Qf6 38. Bc1 h6 39. f4 Bg4 40. Rc2 Rb7 41. Ba4 Rf7 42. g3 a5 43. fxe5 Qxe5 44. Qg2 Rdf8 45. Bf4 Qe6 46. c5 Bh3 47. Qe2 Bg4 48. Qg2 Bh3 49. Qe2 Rxf4 50. gxf4 Rxf4 51. Rc1 Rxe4 52. Qf3 Bxc5 53. Qxh3 Qxh3 54. Rxh3 d3+ 55. Kf1 Rxa4 56. Rxd3 Rxh4 57. Kg2 g5 58. Rf1 Re4 59. Rd2 Kg6 60. Rf3 g4 61. Rf1 h5 62. Rh1 Re5 63. Kg3 Kg5 64. Rd3 Rf5 65. Rd2 Rf3+ 66. Kg2 Rf5 67. Kg3 Re5 68. Rhh2 Be3 0-1

[Event "TUR-chT Clubs"]
[Site "Konya"]
[Date "2019.07.20"]
[Round "8.4"]
[White "Temel, Burcu Melis"]
[Black "Asan, Elvan"]
[Result "1-0"]
[WhiteElo "1790"]
[BlackElo "1760"]
[PlyCount "65"]
[EventDate "2019.07.16"]
[EventType "team-swiss"]
[EventRounds "9"]
[EventCountry "TUR"]
[SourceTitle "CBM 191 Extra"]
[Source "ChessBase"]
[SourceDate "2019.09.30"]
[SourceVersion "1"]
[SourceVersionDate "2019.09.30"]
[SourceQuality "1"]
[WhiteTeam "Bitlis Dernegi"]
[BlackTeam "Celik Dernegi"]
[WhiteTeamCountry "TUR"]
[BlackTeamCountry "TUR"]

1. e4 e6 2. d3 d5 3. Nd2 c5 4. Ngf3 Nc6 5. g3 Nf6 6. Bg2 Be7 7. 0-0 b6 8. Re1 Bb7 9. e5 Nd7 10. Nf1 Qc7 11. Bf4 h6 12. h4 0-0-0 13. c3 Rdg8 14. d4 g5 15. hxg5 hxg5 16. Be3 g4 17. N3h2 f5 18. exf6 Nxf6 19. Bf4 Qd7 20. Qe2 Nh5 21. Qxe6 Nxf4 22. gxf4 Qxe6 23. Rxe6 Kd7 24. Rae1 Bd6 25. Ng3 Bxf4 26. Bxd5 Rg5 27. Bg2 Rg7 28. d5 Nd8 29. R6e4 Bxg3 30. fxg3 Bxd5 31. Rd1 Kc6 32. Rxd5 Rgh7 33. Rxd8 1-0

[Event "TUR-chT Clubs"]
[Site "Konya"]
[Date "2019.07.18"]
[Round "4.3"]
[White "Temel, Burcu Melis"]
[Black "Koc, Azra Ece"]
[Result "1/2-1/2"]
[WhiteElo "1790"]
[BlackElo "1527"]
[PlyCount "75"]
[EventDate "2019.07.16"]
[EventType "team-swiss"]
[EventRounds "9"]
[EventCountry "TUR"]
[SourceTitle "CBM 191 Extra"]
[Source "ChessBase"]
[SourceDate "2019.09.30"]
[SourceVersion "1"]
[SourceVersionDate "2019.09.30"]
[SourceQuality "1"]
[WhiteTeam "Bitlis Dernegi"]
[BlackTeam "Yalova Beyaz Fil"]
[WhiteTeamCountry "TUR"]
[BlackTeamCountry "TUR"]

1. Nf3 Nf6 2. g3 d5 3. Bg2 c5 4. 0-0 Nc6 5. d3 e6 6. Nbd2 Bd6 7. e4 dxe4 8. dxe4 0-0 9. c3 Rb8 10. Qe2 Bc7 11. Rd1 Qe7 12. Nf1 h6 13. h4 e5 14. N3h2 Be6 15. g4 Nh7 16. h5 b5 17. Ne3 Na5 18. Nd5 Bxd5 19. exd5 Nc4 20. Nf1 Rfe8 21. Ng3 Nd6 22. Be3 Bb6 23. Ne4 c4 24. a4 Bxe3 25. Qxe3 b4 26. Nxd6 Qxd6 27. Qe2 Rec8 28. Re1 f6 29. Qe3 a5 30. Rad1 Nf8 31. Be4 Rc5 32. Qf3 Rd8 33. b3 cxb3 34. cxb4 axb4 35. Qxb3 Rc3 36. Qb2 Ra3 37. Qc2 b3 38. Qc6 1/2-1/2

[Event "TUR Cup"]
[Site "Antalya"]
[Date "2019.01.30"]
[Round "6"]
[White "Ersoy, Emre"]
[Black "Temel, Burcu Melis"]
[Result "0-1"]
[WhiteElo "1591"]
[BlackElo "1796"]
[PlyCount "76"]
[EventDate "2019.01.27"]
[EventType "swiss"]
[EventRounds "11"]
[EventCountry "TUR"]
[SourceTitle "CBM 188 Extra"]
[Source "ChessBase"]
[SourceDate "2019.02.26"]
[SourceVersion "1"]
[SourceVersionDate "2019.02.26"]
[SourceQuality "1"]

1. e4 c5 2. Nf3 Nc6 3. d4 cxd4 4. Nxd4 e6 5. Nc3 Qc7 6. Be3 a6 7. Bd3 Nf6 8. 0-0 b5 9. a3 Bb7 10. Kh1 Ne5 11. f4 Nc4 12. Bxc4 bxc4 13. e5 Nd5 14. Nxd5 Bxd5 15. Qg4 h5 16. Qg5 h4 17. h3 Rh6 18. Nf3 Be4 19. c3 Rb8 20. Rf2 f6 21. exf6 gxf6 22. Qg8 Bh7 23. Qg4 Bf5 24. Qg8 Rg6 25. Qh8 Kf7 26. Qxh4 Bg7 27. Rd2 Rh8 28. Qe1 Be4 29. Qd1 d5 30. Nh2 Rxh3 31. Kg1 Rxe3 32. Qh5 Ke7 33. Ng4 Rg3 34. Nh2 Rxg2+ 35. Rxg2 Rxg2+ 36. Kf1 Qxf4+ 37. Ke1 Qd2+ 38. Kf1 Qf2# 0-1

[Event "TUR-chT 1st League"]
[Site "Konya"]
[Date "2018.07.22"]
[Round "9.1"]
[White "Temel, Burcu Melis"]
[Black "Kaya, Emel"]
[Result "0-1"]
[WhiteElo "1832"]
[BlackElo "1928"]
[PlyCount "118"]
[EventDate "2018.07.16"]
[EventType "team-swiss"]
[EventRounds "9"]
[EventCountry "TUR"]
[SourceTitle "EXT 2019"]
[Source "ChessBase"]
[SourceDate "2018.10.10"]
[SourceVersion "1"]
[SourceVersionDate "2018.10.10"]
[SourceQuality "1"]
[WhiteTeam "Sertel Genclik"]
[BlackTeam "Manisa Turkuaz"]
[WhiteTeamCountry "TUR"]
[BlackTeamCountry "TUR"]

1. Nf3 c5 2. g3 g6 3. Bg2 Bg7 4. 0-0 Nc6 5. d3 d6 6. Nbd2 e6 7. e4 Nge7 8. c3 0-0 9. Ne1 b5 10. f4 Rb8 11. Ndf3 d5 12. e5 d4 13. c4 bxc4 14. dxc4 Qc7 15. b3 a5 16. Nd3 Nb4 17. Nfe1 Rd8 18. g4 Bd7 19. Rf2 Bc6 20. Bxc6 Qxc6 21. Qf3 Rdc8 22. Qxc6 Nexc6 23. Ba3 Nxd3 24. Nxd3 Nb4 25. Bxb4 cxb4 26. Kg2 Rc6 27. Kf3 f5 28. gxf5 gxf5 29. Rg1 Rb7 30. Rfg2 Rcc7 31. h4 Kf8 32. h5 Ra7 33. Ke2 Rab7 34. Nf2 Ra7 35. Kd3 a4 36. Nh3 h6 37. Rg6 axb3 38. axb3 Ra3 39. Rb1 Kf7 40. Ng1 Ra2 41. Kxd4 Rd7+ 42. Kc5 Bf8+ 43. Kc6 Rda7 44. Rf6+ Kg7 45. Rxf8 Kxf8 46. Nf3 Kf7 47. Rd1 Rf2 48. Rd3 Ke7 49. c5 Rc2 50. Kb6 Rc3 51. Rd4 Ra8 52. Nd2 Rd8 53. Rd6 Rd3 54. Nc4 Rxb3 55. c6 Rc3 56. c7 Rxd6+ 57. exd6+ Kd7 58. Kb5 b3 59. Kb4 Rxc4+ 0-1

[Event "TUR Cup										"]
[Site "Antalya"]
[Date "2018.02.02"]
[Round "10"]
[White "Sabahi, Cem"]
[Black "Temel, Burcu Melis"]
[Result "0-1"]
[WhiteElo "1678"]
[BlackElo "1852"]
[PlyCount "92"]
[EventDate "2018.01.27"]
[EventType "swiss"]
[EventRounds "11"]
[EventCountry "TUR"]
[SourceTitle "CBM 182 Extra"]
[Source "ChessBase"]
[SourceDate "2018.02.23"]
[SourceVersion "1"]
[SourceVersionDate "2018.02.23"]
[SourceQuality "1"]

1. e4 Nf6 2. d3 e5 3. Nf3 Nc6 4. g3 Bc5 5. Bg2 d6 6. h3 0-0 7. c3 Re8 8. 0-0 a6 9. Nbd2 b5 10. b4 Bb6 11. a4 Rb8 12. axb5 axb5 13. Nb3 h6 14. Kh2 Be6 15. Nh4 d5 16. Qc2 d4 17. Bb2 Bxb3 18. Qxb3 dxc3 19. Bxc3 Qxd3 20. Rad1 Qc4 21. Qxc4 bxc4 22. f4 Nh7 23. b5 Nd4 24. Nf5 Rbd8 25. fxe5 Nxb5 26. Rxd8 Rxd8 27. Ne7+ Kh8 28. Bb4 c5 29. Nd5 cxb4 30. Nxb6 c3 31. Nd5 b3 32. Nxc3 Nxc3 33. Rf2 Rb8 34. Bf1 b2 35. Bd3 Kg8 36. Kg2 Ng5 37. h4 Ngxe4 38. Rf4 b1Q 39. Bxb1 Rxb1 40. Kh3 h5 41. g4 hxg4+ 42. Kxg4 Rg1+ 43. Kh3 g5 44. hxg5 Nxg5+ 45. Kh2 Re1 46. Rf5 Rxe5 0-1

[Event "TUR-chT 1st League"]
[Site "Konya"]
[Date "2017.07.19"]
[Round "4.1"]
[White "Temel, Burcu Melis"]
[Black "Nechaeva, Marina"]
[Result "0-1"]
[WhiteElo "1846"]
[BlackElo "2408"]
[PlyCount "66"]
[EventDate "2017.07.17"]
[EventType "team-swiss"]
[EventRounds "9"]
[EventCountry "TUR"]
[SourceTitle "CBM 179 Extra"]
[Source "ChessBase"]
[SourceDate "2017.08.23"]
[SourceVersion "1"]
[SourceVersionDate "2017.08.23"]
[SourceQuality "1"]
[WhiteTeam "Mersi Sertel Genclik"]
[BlackTeam "Izmir Rota Koleji"]
[WhiteTeamCountry "TUR"]
[BlackTeamCountry "TUR"]

1. e4 c5 2. Nf3 d6 3. d4 cxd4 4. Nxd4 Nf6 5. Nc3 a6 6. a4 e5 7. Nf3 Be7 8. Bg5 Nbd7 9. Bc4 0-0 10. 0-0 h6 11. Be3 b6 12. Nh4 Bb7 13. Nf5 Rc8 14. Qe2 a5 15. Rad1 Kh7 16. f3 Nc5 17. Nb5 Ne8 18. b3 Ba8 19. Qd2 Nxa4 20. Bxh6 Nb2 21. Bxg7 Bg5 22. f4 Nxg7 23. fxg5 Nxf5 24. exf5 Nxc4 25. bxc4 Rxc4 26. Qe3 Rxc2 27. Rf2 Rxf2 28. Kxf2 Qd7 29. Nxd6 Qc6 30. Qh3+ Kg8 31. f6 Rd8 32. Qh6 Qxg2+ 33. Ke3 Qf3+ 0-1

[Event "TUR-chT 1st League"]
[Site "Konya"]
[Date "2017.07.18"]
[Round "2.1"]
[White "Temel, Burcu Melis"]
[Black "Tandogan, Buket"]
[Result "1-0"]
[WhiteElo "1846"]
[BlackElo "1911"]
[PlyCount "93"]
[EventDate "2017.07.17"]
[EventType "team-swiss"]
[EventRounds "9"]
[EventCountry "TUR"]
[SourceTitle "CBM 179 Extra"]
[Source "ChessBase"]
[SourceDate "2017.08.23"]
[SourceVersion "1"]
[SourceVersionDate "2017.08.23"]
[SourceQuality "1"]
[WhiteTeam "Mersi Sertel Genclik"]
[BlackTeam "Ankara Dernegi"]
[WhiteTeamCountry "TUR"]
[BlackTeamCountry "TUR"]

1. e4 c5 2. Nf3 e6 3. d3 Nc6 4. g3 Nf6 5. Bg2 Be7 6. 0-0 d6 7. Re1 0-0 8. Nbd2 Qc7 9. Nf1 Rb8 10. e5 Nd7 11. exd6 Bxd6 12. Ng5 Nf6 13. Ne3 Ne5 14. f4 Ned7 15. Nc4 h6 16. Ne4 Nxe4 17. dxe4 Be7 18. e5 b5 19. Nd2 Rd8 20. Qg4 Qa5 21. c3 c4 22. b4 cxb3 23. Nxb3 Qc7 24. Be3 Nc5 25. Nd4 Bd7 26. Rad1 Qa5 27. Bc6 Rbc8 28. Bxd7 Rxd7 29. Nxe6 Nxe6 30. Rxd7 Qxc3 31. Qe2 Qxe3+ 32. Qxe3 Bc5 33. Qxc5 Rxc5 34. Re2 a5 35. Red2 b4 36. Rb7 Rc1+ 37. Kg2 Nc5 38. Rc7 Rc3 39. Rd5 Ne4 40. Rxc3 bxc3 41. Rd8+ Kh7 42. Rc8 Kg6 43. Kf3 Nd2+ 44. Ke2 Nb1 45. g4 h5 46. h3 hxg4 47. hxg4 1-0

[Event "TUR-chT 1st League"]
[Site "Konya"]
[Date "2017.07.17"]
[Round "1.1"]
[White "Eric, Jovana"]
[Black "Temel, Burcu Melis"]
[Result "1-0"]
[WhiteElo "2262"]
[BlackElo "1846"]
[PlyCount "61"]
[EventDate "2017.07.17"]
[EventType "team-swiss"]
[EventRounds "9"]
[EventCountry "TUR"]
[SourceTitle "CBM 179 Extra"]
[Source "ChessBase"]
[SourceDate "2017.08.23"]
[SourceVersion "1"]
[SourceVersionDate "2017.08.23"]
[SourceQuality "1"]
[WhiteTeam "Aydin Egitim Merkezi"]
[BlackTeam "Mersi Sertel Genclik"]
[WhiteTeamCountry "TUR"]
[BlackTeamCountry "TUR"]

1. e4 c5 2. Nf3 g6 3. d4 cxd4 4. Nxd4 Bg7 5. Nc3 Nc6 6. Be3 Nf6 7. Bc4 d6 8. h3 Bd7 9. 0-0 0-0 10. Re1 Rc8 11. Bb3 Ne5 12. Qe2 a6 13. f4 Nc6 14. Rad1 Qa5 15. Nf3 Qh5 16. Bf2 Be6 17. Bxe6 fxe6 18. Qc4 h6 19. Qxe6+ Kh7 20. Nd5 Ng8 21. g4 Qxh3 22. Rd3 Kh8 23. Nh4 Qxh4 24. Bxh4 Nd4 25. Qxg6 Rxc2 26. Kh1 e6 27. e5 dxe5 28. Rxd4 exd4 29. Qxc2 exd5 30. f5 Nf6 31. Re7 1-0

[Event "TUR-chT"]
[Site "Izmir"]
[Date "2016.07.28"]
[Round "4.8"]
[White "Temel, Burcu Melis"]
[Black "Arda, Cagil Irmak"]
[Result "1-0"]
[WhiteElo "1923"]
[BlackElo "2076"]
[PlyCount "77"]
[EventDate "2016.07.25"]
[EventType "team-swiss"]
[EventRounds "13"]
[EventCountry "TUR"]
[SourceTitle "CBM 173 Extra"]
[Source "ChessBase"]
[SourceDate "2016.08.29"]
[SourceVersion "1"]
[SourceVersionDate "2016.08.29"]
[SourceQuality "1"]
[WhiteTeam "Deniz Su Aquamatch"]
[BlackTeam "Besiktas Jimnastik"]
[WhiteTeamCountry "TUR"]
[BlackTeamCountry "TUR"]

1. Nc3 d5 2. d4 Nf6 3. Bg5 Nbd7 4. Nf3 h6 5. Bh4 e6 6. a3 Be7 7. e3 0-0 8. Bg3 Ne4 9. Nxe4 dxe4 10. Nd2 f5 11. Qe2 c6 12. f3 Qa5 13. fxe4 fxe4 14. c3 Qd5 15. Qd1 Bg5 16. Bc4 Qf5 17. Rf1 Qg6 18. Rxf8+ Kxf8 19. Qe2 Nb6 20. Bb3 Nd5 21. Nc4 h5 22. Bf2 Bf6 23. Bg3 h4 24. Bd6+ Kg8 25. 0-0-0 Qh6 26. Kb1 b5 27. Nd2 Qxe3 28. Qxe3 Nxe3 29. Re1 Nxg2 30. Re2 e3 31. Nf1 h3 32. Nxe3 Nh4 33. Ng4 Bg5 34. Nf2 Nf3 35. Nxh3 Nd2+ 36. Kc2 Nxb3 37. Nxg5 Na5 38. Rf2 Bd7 39. Rf7 1-0

[Event "TUR-chT"]
[Site "Izmir"]
[Date "2016.07.26"]
[Round "2.8"]
[White "Temel, Burcu Melis"]
[Black "Saim, Sida"]
[Result "1/2-1/2"]
[WhiteElo "1923"]
[BlackElo "1643"]
[PlyCount "94"]
[EventDate "2016.07.25"]
[EventType "team-swiss"]
[EventRounds "13"]
[EventCountry "TUR"]
[SourceTitle "CBM 173 Extra"]
[Source "ChessBase"]
[SourceDate "2016.08.29"]
[SourceVersion "1"]
[SourceVersionDate "2016.08.29"]
[SourceQuality "1"]
[WhiteTeam "Deniz Su Aquamatch"]
[BlackTeam "Akdeniz Vida Metal"]
[WhiteTeamCountry "TUR"]
[BlackTeamCountry "TUR"]

1. e4 c5 2. Nf3 d6 3. d4 cxd4 4. Nxd4 Nf6 5. Nc3 a6 6. h3 e5 7. Nde2 Be7 8. g4 h6 9. Bg2 Nbd7 10. 0-0 b5 11. a3 Bb7 12. Ng3 0-0 13. Nf5 Nc5 14. Qe2 Bc8 15. Kh1 Rb8 16. f4 Be6 17. Rd1 Qc7 18. Be3 Bxf5 19. exf5 exf4 20. Bxf4 Rfe8 21. Qf2 Bf8 22. Qd4 Red8 23. Re1 Ncd7 24. Rad1 Nb6 25. g5 hxg5 26. Bxg5 Be7 27. Qh4 Re8 28. Rg1 Nh7 29. Bxe7 Qxe7 30. Qxe7 Rxe7 31. Rxd6 Nc4 32. Rxa6 Nxb2 33. Ne4 Kf8 34. Rb1 Nc4 35. Nc5 Rc7 36. Nd3 Rcc8 37. Rc6 Rxc6 38. Bxc6 Nxa3 39. Rb2 Nf6 40. Ne5 Ke7 41. Bf3 Rb6 42. Ra2 b4 43. Nc6+ Kd6 44. Nxb4 Rxb4 45. Rxa3 Rf4 46. Kg2 Rxf5 47. Ra7 Ke6 1/2-1/2